| 000 | 00460nam a2200169Ia 4500 | ||
|---|---|---|---|
| 008 | 220216s9999 xx 000 0 und d | ||
| 100 | _aDingenouts N | ||
| 245 | 0 | _aFilm formation of latex systems by scattering methods | |
| 260 |
_bKautschuk Gummi Kunststoffe _c1999 |
||
| 300 | _a652-655 | ||
| 650 | _aFilm formation | ||
| 650 | _aLatex | ||
| 650 | _aScattering methods | ||
| 650 | _aSmall-angle X-ray scattering | ||
| 700 | _aBallauff M | ||
| 942 | _cJS | ||
| 999 |
_c59407 _d59407 |
||